Science Quiz

Random Science or Word Play Quiz

16 Little Animal Pictograms Quiz Stats

 Plays Quiz Updated Oct 22, 2019

Support Sporcle.
Go Orange.
Score 0/16 Timer 04:00
1 Play Today
Hint Answer % Correct
Firefly
96.2%
Roadrunner
93.9%
Horseshoe Crab
92.2%
Dolphin
91.5%
Mongoose
90.5%
Magpie
90.1%
Mandrill
86.7%
Earwig
85.8%
Hint Answer % Correct
Spoonbill
84.1%
Wallaby
76.7%
Woodchuck
75.1%
Hamster
70.4%
Pheasant
66.5%
Turkey
64.1%
Chipmunk
63.2%
Aye-aye
41.8%

You're not logged in!

Compare scores with friends on all Sporcle quizzes.
OR
Log In

From the Vault

MLB Most All-Star Appearances per Team

by akabuca96

The Midsummer Classic is fine, but we still think the greatest sporting event of all-time is the NFL Pro Bowl.
Remove Ads.
Support Sporcle.
Get the best of Sporcle when you Go Orange. This ad-free experience offers more features, more stats, and more fun while also helping to support Sporcle. Thank you for becoming a member.

Show Comments

Extras

Top Quizzes Today


Score Distribution

Your Account Isn't Verified!

In order to create a playlist on Sporcle, you need to verify the email address you used during registration. Go to your Sporcle Settings to finish the process.

Report this User

Report this user for behavior that violates our Community Guidelines.

Details: